| 000 | 00886nas a2200289 4500 | ||
|---|---|---|---|
| 001 | BR9701340 | ||
| 003 | BR-BrBNA | ||
| 005 | 20231205100025.0 | ||
| 007 | ta | ||
| 008 | 230509b bl.|||p| |||| 00| 00por d | ||
| 040 |
_aBR-BrBNA _bpor _cBiblioteca Nacional de Agricultura |
||
| 041 | _a(Pt) | ||
| 072 | _aF02 | ||
| 100 | 1 | _aPasqualetto, A. | |
| 100 | 1 | _aSediyama, T. | |
| 100 | 1 | _aSediyama, C.S. | |
| 100 | 1 | _aRocha, V.S. | |
| 100 | 1 | _aMosquim, P.R. | |
| 245 | 1 | _aEnraizamento de estacas de soja (Glycine max (L.)Merrill); 2: influencia do acido naftalenoacetico e da sacarose | |
| 650 | _aSoja | ||
| 650 | _aEnraizamento de Estaca | ||
| 650 | _aAcido Naftaleno-Acetico | ||
| 650 | _aSacarose | ||
| 773 | 0 |
_tRevista Ceres (Brazil) _xISSN 0034-737X _g(Jul-Aug 1996), v. 43(248) p. 426-434 _wBR9701340 |
|
| 909 |
_a202311 _bLúcia _c55 _dLúcia Elande |
||
| 942 |
_2AGRIS _n0 _cANA |
||
| 999 |
_c153975 _d153975 |
||